Elementos de horticultura general: especialmente aplicada al cultivo de plantas de consistencia herbácea

Na minha lista:
Detalhes bibliográficos
Autor principal: Maroto Borrego, José Vicente (autor)
Formato: Livro
Idioma:espanhol
Publicado em: Madrid Mundi Prensa 2008
Edição:3a. ed
Assuntos:
Tags: Adicionar Tag
Sem tags, seja o primeiro a adicionar uma tag!

MARC

LEADER 00000cam a2200000 a 4500
001 UCH8613
003 CL-VaPUC
005 20241118123306.0
008 091203e20080000SP |||||||||||||||||spa|d
999 |c 338824  |d 338822 
020 |a 9788484763413 
040 |c Pontificia Universidad Católica de Valparaíso 
082 0 4 |a 635  |b MAR  |2 21 
100 |a Maroto Borrego, José Vicente  |e autor  |9 559405 
245 1 0 |a Elementos de horticultura general: especialmente aplicada al cultivo de plantas de consistencia herbácea 
250 |a 3a. ed 
260 |a Madrid  |b Mundi Prensa  |c 2008 
300 |a 480 p 
583 |a last modification  |c 20130308 10:03:37  |k Rodrigo Vera 
650 0 |a Horticultura   |9 259721 
650 0 |a Horticultura  |9 893923  |x Clima 
650 0 |a Técnicas de cultivos  |9 503174 
650 0 |a Modificación del suelo  |9 893927 
650 0 |a Productos hortícolas   |9 259631 
942 |c BK  |2 ddc 
945 |d 20091203 00:00:00  |a rbrito 
952 |0 0  |1 0  |4 0  |6 635_000000000000000_MAR_2008  |7 0  |8 A  |9 431957  |a BIBAGR  |b BIBAGR  |d 2019-11-22  |i 4621395  |l 4  |m 3  |o 635 MAR 2008  |p 4621395  |r 2025-01-20  |s 2023-05-26  |w 2019-11-22  |y BK  |k AGR 
952 |0 0  |1 0  |3 erb  |4 0  |6 635_000000000000000_MAR_2008  |7 0  |8 A  |9 431960  |a BIBAGR  |b BIBAGR  |i 5294460  |l 2  |o 635 MAR 2008  |p 5294460  |r 2025-01-20  |s 2023-04-04  |w 2019-11-22  |y BK  |z Catalogado en:20160623  |k AGR 
952 |0 0  |1 0  |3 erb  |4 0  |6 635_000000000000000_MAR_2008  |7 0  |8 A  |9 431961  |a BIBAGR  |b BIBAGR  |i 5294479  |l 2  |o 635 MAR 2008  |p 5294479  |r 2025-01-20  |s 2022-03-15  |w 2019-11-22  |y BK  |z Catalogado en:20160623  |k AGR 
952 |0 0  |1 1  |2 ddc  |3 erb  |4 0  |6 635_000000000000000_MAR_2008  |7 0  |8 A  |9 431962  |a BIBAGR  |b BIBAGR  |i 5337399  |o 635 MAR 2008  |p 5337399  |r 2019-11-22  |w 2019-11-22  |y BK  |z Catalogado en:20160811  |k AGR